Napoli Squad 24/25 - Statistics

General Stats
  • This quiz has been taken 159 times
    151 since last reset
  • The average score is 19 of 26
Answer Stats
# Nation Former Club Answer % Correct
8 Scotland Man United Scott McTominay
98%
1 Italy Udinese Alex Meret
96%
11 Belgium Chelsea Romelu Lukaku
94%
99 Cameroon Fulham Frank Anguissa
89%
77 Georgia Dinamo Batumi Khvicha Kvaratskhelia
89%
4 Italy Torino Alessandro Buongiorno
87%
6 Scotland Brighton Billy Gilmour
86%
7 Brazil Benfica David Neres
86%
68 Slovakia Celta Stanislav Lobotka
86%
9 Nigeria Lille Victor Osimhen
86%
22 Italy Empoli Giovanni Di Lorenzo
82%
5 Brazil Roma Juan Jesus
82%
21 Italy Inter Matteo Politano
82%
13 Kosovo Hellas Verona Amir Rrahmani
79%
18 Argentina Hellas Verona Giovanni Simeone
76%
17 Uruguay Getafe Mathias Olivera
75%
81 Italy Sassuolo Giacomo Raspadori
71%
37 Italy Roma Leonardo Spinazzola
70%
- Portugal Empoli Mario Rui
60%
16 Spain Real Madrid Rafa Marin
59%
26 Belgium Hellas Verona Cyril Ngonge
55%
30 Italy Salernitana Pasquale Mazzocchi
53%
25 Italy Bari Elia Caprile
43%
23 Italy Gozzano Alessio Zerbin
37%
90 Italy Virtus Michael Folorunsho
30%
14 Italy Youth Nikita Contini
29%
No matching quizzes found
Score Distribution
Percent of People with Each Score
Percentile by Number Answered
Your Score History
You have not taken this quiz since the last reset